• 首页
  • 本馆介绍
  • 公告通知
  • 最新文献
  • 馆藏检索
  • 电子资源
  • 读者导购
  • 参考咨询
  • 我的图书馆
  • 登录
  • 详细信息显示
  • 放入我的书架
  • 预约/预借图书
  • 作者相关作品
  • 分类相关作品
  • 丛书相关作品
  • 出版社相关作品

书目信息

  • 表格格式
  • 工作单格式
  • 卡片格式
题名:
百年中国乡土教材研究
    
 
作者: 李新 著
分册:  
出版信息: 北京   知识产权出版社  2015.06
页数: 248页
开本: 24cm
丛书名: 中国教科书发展史丛书
单 册:
中图分类: G423.3
科图分类:
主题词: 乡土教材--历史--研究--中国
电子资源:
ISBN: 978-7-5130-3660-3
000 00915oam2 2200265 450
001 007475871
005 20160516093519.14
010    @a978-7-5130-3660-3@dCNY58.00
100    @a20151030d2015 em y0chiy50 ea
101 0  @achi
102    @aCN@b110000
105    @aak z 000yy
106    @ar
200 1  @a百年中国乡土教材研究@9bai nian zhong guo xiang tu jiao cai yan jiu@f李新著
210    @a北京@c知识产权出版社@d2015.06
215    @a248页@c图@d24cm
225 2  @a中国教科书发展史丛书
330    @a本书试图对中国乡土教材的百年发展历程进行系统梳理和全方位审思。书中图文并茂地呈现并分析了清末、民国以及新中国成立后的乡土教材,同时澄清了乡土教材发展过程中的诸多疑问。
333    @a教育研究人员
461  0 @12001 @a中国教科书发展史丛书
606 0  @a乡土教材@x历史@x研究@y中国
690    @aG423.3@v5
701  0 @a李新@9li xin@4著
801  0 @aCN@b人天书店@c20151030
905    @b877348-53@dG423.3@e275@f6
    
    百年中国乡土教材研究/李新著.-北京:知识产权出版社,2015.06
    248页:图;24cm.-(中国教科书发展史丛书)
    使用对象:教育研究人员
    
    ISBN 978-7-5130-3660-3:CNY58.00
    本书试图对中国乡土教材的百年发展历程进行系统梳理和全方位审思。书中图文并茂地呈现并分析了清末、民国以及新中国成立后的乡土教材,同时澄清了乡土教材发展过程中的诸多疑问。
●
相关链接 在E读中查询图书 在五车中查询图书 在当当中查询图书 在豆瓣中查询图书


正题名:百年中国乡土教材研究     索取号:G423.3/275         预约/预借

序号 登录号 条形码 馆藏地/架位号 状态 备注
1 877348   208773488   第一样本阅览室/ [索取号:G423.3/275] 在馆    
2 877349   208773497   教育系资料室/ [索取号:G423.3/275] 在馆    
3 877350   208773503   教育系资料室/ [索取号:G423.3/275] 在馆    
4 877351   208773512   教育系资料室/ [索取号:G423.3/275] 在馆    
5 877352   208773521   第四借阅区/ [索取号:G423.3/275] 在馆    
6 877353   208773530   第四借阅区/ [索取号:G423.3/275] 在馆    
唐山师范学院图书馆 欢迎您!
大连网信软件有限公司© 版权所有